| 000 | 02055nam a2200337 a 4500 | ||
|---|---|---|---|
| 001 | BRCA_2694 | ||
| 005 | 20190320203927.0 | ||
| 008 | 021208s1887----sp-a---###---#000-0#spa-u | ||
| 041 | _aspa | ||
| 044 | _asp | ||
| 084 |
_a206 _b.G669 _c1887 |
||
| 100 | 1 |
_aCervantes Saavedra, Miguel de _d1547-1616 _9213 |
|
| 245 | 1 | 0 |
_aEl Ingenioso Hidalgo Don Quijote de la Mancha _ccompuesto por Miguel de Cervantes Saavedra. |
| 260 |
_aMadrid _bFelipe González _c1887 |
||
| 300 |
_a2 v. _bil. a color _c35 cm. _e1 mapa |
||
| 500 | _aContenido : v 1. Primera parte. Dedicatoria del autor. Prólogo del autor. Versos preliminares. Texto. -- v 2. Segunda parte. Principios de la edición príncipe. Dedicatoria del autor. Prólogo del autor. Mapa de una porción de España donde anduvo D. Quijote. Texto. Epílogo con la biografía de Cervantes extracto de la escrita por Navarrete | ||
| 500 | _aEl texto sigue al de la cuarta edición publicada por la Academia (1819), y las notas al pie de las páginas, pertenecen a T. Tárrago, Pellicer, Arrieta y la Academia. Contiene un extracto de la Vida de Cervantes escrita por M. F. de Navarrete. Las láminas cromolitografiadas son de Alaminos y el mapa del intinerario de D. Quijote está grabado por L. vega. La impresión es buena, pero el papel muy malo Lúdovik Osterc | ||
| 500 | _aEstado físico : El lomo se encuentra desprendido en los dos volúmenes | ||
| 500 | _aIncluye índice : De láminas. De señores suscritores | ||
| 500 | _aQM204 | ||
| 650 | 1 | 4 |
_aNovela española _yÉpoca clásica, 1500-1700 _9215 |
| 650 | 1 | 4 |
_aLiteratura española _yÉpoca clásica, 1500-1700 _9216 |
| 650 | 1 | 4 |
_aNovela española _ySiglo XVII _9217 |
| 650 | 1 | 4 |
_aDon Quijote (Personaje ficticio) _eNovela _9218 |
| 700 | 1 |
_aPellicer y Pilares, Juan Antonio _d1738-1806 _eBiógrafo _97629 |
|
| 700 | 1 |
_aGarcía Arrieta, Agustín _d1775-1834 _eAnotador _97630 |
|
| 700 | 1 |
_aFernández de Navarrete, Martín _d1765-1844 _eBiógrafo _97631 |
|
| 740 | 0 | _aEl Ingenioso Hidalgo Don Quijote de la Mancha | |
| 902 | _aQFM | ||
| 942 |
_2lcc _cB |
||
| 999 |
_c2434 _d2434 |
||